[Event "SK Königsspringer Nordwalde 1 - SC Klei"]
[Site "Verbandsklasse 2015/2016"]
[Date "2015.12.19"]
[Round "4.6"]
[White "Herding, Rudolf"]
[Black "Huesmann, Stephan"]
[Result "0-1"]
[WhiteElo "1568"]
[BlackElo "1705"]
[PlyCount "74"]
[EventDate "2015.??.??"]
[SourceDate "2015.10.31"]

1. d4 f5 2. e4 fxe4 3. Nc3 Nf6 4. Bg5 c6 5. Bxf6 exf6 6. Nxe4 Qa5+ 7. Qd2 Qb6
8. O-O-O d5 9. Ng3 Bd6 10. Re1+ Kf7 11. f4 Qc7 12. N3e2 Bg4 13. g3 Na6 14. Bh3
h5 15. Bg2 Rae8 16. h3 Bf5 17. Nf3 Nb4 18. Nh4 Nxa2+ 19. Kb1 Bb4 20. Nc3 Qa5
21. Nxf5 Rxe1+ 22. Rxe1 Nxc3+ 23. bxc3 Ba3 24. Re7+ Bxe7 25. Nxe7 Kxe7 26. f5
Re8 27. Bf3 Qb5+ 28. Ka2 Qc4+ 29. Kb2 Kf8 30. Qf4 Qb5+ 31. Ka2 Qa5+ 32. Kb2 Qd8
33. Qh4 Re1 34. Qxh5 Qb6+ 35. Ka2 Qa5+ 36. Kb2 Qa1+ 37. Kb3 Rb1# 0-1

[Event "SK Königsspringer Nordwalde 1 - SC Klei"]
[Site "Verbandsklasse 2015/2016"]
[Date "2015.12.19"]
[Round "4.7"]
[White "Pohlmeier, Ulrich"]
[Black "Steens, Rudolf"]
[Result "1/2-1/2"]
[WhiteElo "1562"]
[BlackElo "1744"]
[PlyCount "53"]
[EventDate "2015.??.??"]
[SourceDate "2015.10.31"]

1. d4 d5 2. c4 c6 3. g3 Nf6 4. Bg2 Bf5 5. Nd2 e6 6. Ngf3 Nbd7 7. O-O Bd6 8. a3
a5 9. c5 Bc7 10. a4 b6 11. Nb3 bxc5 12. dxc5 Ne4 13. Nfd4 Ndxc5 14. Nxc6 Qd7
15. Ncd4 Nxb3 16. Nxf5 Nec5 17. Nxg7+ Ke7 18. Be3 d4 19. Bxa8 dxe3 20. Qxd7+
Nxd7 21. Ra3 Nd2 22. Bc6 Nxf1 23. Bxd7 exf2+ 24. Kxf1 Kxd7 25. Nh5 Be5 26. Rd3+
Ke7 27. b3 1/2-1/2

[Event "SK Königsspringer Nordwalde 1 - SC Klei"]
[Site "Verbandsklasse 2015/2016"]
[Date "2015.12.19"]
[Round "4.8"]
[White "Keller, Hansjürgen"]
[Black "Wilde, Jürgen"]
[Result "0-1"]
[WhiteElo "1583"]
[BlackElo "1619"]
[PlyCount "66"]
[EventDate "2015.??.??"]
[SourceDate "2015.10.31"]

1. d4 d5 2. Bf4 Nf6 3. Nf3 e6 4. e3 Be7 5. Bd3 c5 6. c3 Nc6 7. Ne5 O-O 8. Nd2
c4 9. Be2 Nd7 10. Nxd7 Bxd7 11. e4 b5 12. O-O Bg5 13. Be3 Bxe3 14. fxe3 dxe4
15. Nxe4 Ne7 16. Bf3 Bc6 17. Ng3 Qb6 18. Bxc6 Qxc6 19. e4 f5 20. exf5 Nxf5 21.
Nxf5 Rxf5 22. Rxf5 exf5 23. d5 Qc5+ 24. Qd4 Qxd4+ 25. cxd4 Rd8 26. Re1 Rxd5 27.
Re7 Rxd4 28. Rxa7 Rd1+ 29. Kf2 Rd2+ 30. Kf3 Rxb2 31. a4 Ra2 32. Rb7 bxa4 33.
Rb4 c3 0-1

[Event "SF Stadtlohn 1 - SF Beelen 2"]
[Site "Verbandsklasse 2015/2016"]
[Date "2015.12.19"]
[Round "4.1"]
[White "Henke, Wolfgang"]
[Black "Mullink, Jochem"]
[Result "0-1"]
[WhiteElo "1709"]
[BlackElo "1960"]
[PlyCount "56"]
[EventDate "2015.??.??"]
[SourceDate "2015.10.31"]

1. e4 c5 2. c3 b6 3. Nf3 Nf6 4. e5 Nd5 5. Bc4 Bb7 6. O-O e6 7. Re1 Be7 8. d4
O-O 9. Nbd2 f5 10. dxc5 Bxc5 11. Nb3 Be7 12. Nbd4 Na6 13. Nb5 Nc5 14. Qe2 a6
15. Bxd5 Bxd5 16. Nd6 Qb8 17. Bf4 Ne4 18. c4 Bxd6 19. cxd5 Bc5 20. d6 Bxf2+ 21.
Kh1 Bxe1 22. Qxe1 Qb7 23. Qh4 Rac8 24. Ng5 Nxg5 25. Bxg5 Rc2 26. Qg3 f4 27. Qg4
f3 28. Rg1 fxg2+ 0-1

[Event "SF Stadtlohn 1 - SF Beelen 2"]
[Site "Verbandsklasse 2015/2016"]
[Date "2015.12.19"]
[Round "4.2"]
[White "Te Sligte, Bert"]
[Black "Hofene, Josef"]
[Result "1/2-1/2"]
[WhiteElo "1875"]
[BlackElo "1697"]
[PlyCount "32"]
[EventDate "2015.??.??"]
[SourceDate "2015.10.31"]

1. e4 e6 2. d4 d5 3. Nd2 dxe4 4. Nxe4 Nd7 5. Nf3 Ngf6 6. Ng3 c5 7. c3 cxd4 8.
Nxd4 a6 9. Be2 Be7 10. O-O O-O 11. a4 Qc7 12. Re1 Bd6 13. Bf3 Ne5 14. Be2 Nd5
15. Ne4 Be7 16. Bg5 Bxg5 1/2-1/2

[Event "SF Stadtlohn 1 - SF Beelen 2"]
[Site "Verbandsklasse 2015/2016"]
[Date "2015.12.19"]
[Round "4.3"]
[White "Fartmann, Franz-Josef"]
[Black "Krosenbrink, Marcel"]
[Result "0-1"]
[WhiteElo "1701"]
[BlackElo "1808"]
[PlyCount "58"]
[EventDate "2015.??.??"]
[SourceDate "2015.10.31"]

1. c4 e5 2. Nc3 f5 3. d3 Nf6 4. g3 c6 5. Bg5 Be7 6. Bg2 O-O 7. Qb3 Na6 8. a3
Nc5 9. Qc2 Ne6 10. Bxf6 Bxf6 11. e3 d6 12. Nge2 Qe8 13. O-O-O Rb8 14. d4 Nc7
15. dxe5 dxe5 16. Bh3 Qh5 17. Bg2 Be6 18. h3 Qf7 19. g4 Bxc4 20. Qxf5 g6 21.
Qd7 Ne6 22. Qxf7+ Rxf7 23. Ng3 Bh4 24. Nce4 Bd5 25. Rd2 Rbf8 26. Rh2 Kg7 27.
Bh1 Bxg3 28. fxg3 Rf1+ 29. Kc2 Rxh1 0-1

[Event "SF Stadtlohn 1 - SF Beelen 2"]
[Site "Verbandsklasse 2015/2016"]
[Date "2015.12.19"]
[Round "4.4"]
[White "Becking, Stefan"]
[Black "Hofene, Werner"]
[Result "1/2-1/2"]
[WhiteElo "1673"]
[BlackElo "1721"]
[PlyCount "63"]
[EventDate "2015.??.??"]
[SourceDate "2015.10.31"]

1. e4 d6 2. d4 Nf6 3. Nc3 g6 4. Be3 Bg7 5. Qd2 Ng4 6. Bg5 h6 7. Bh4 g5 8. Bg3
e5 9. d5 f5 10. f3 Nf6 11. O-O-O fxe4 12. fxe4 Bg4 13. Be2 Bxe2 14. Ngxe2 Nbd7
15. Bf2 Ng4 16. Bg1 Nb6 17. h3 Nf6 18. Ng3 Qd7 19. Nf5 O-O-O 20. b3 Nxe4 21.
Nxe4 Qxf5 22. Qd3 Rhf8 23. Be3 Kb8 24. g4 Qg6 25. Bxb6 axb6 26. Ng3 Qxd3 27.
Rxd3 Rf4 28. Nf5 Rd7 29. Rg3 b5 30. h4 Bf6 31. h5 Rh7 32. Re1 1/2-1/2

[Event "SF Stadtlohn 1 - SF Beelen 2"]
[Site "Verbandsklasse 2015/2016"]
[Date "2015.12.19"]
[Round "4.5"]
[White "Schemmann, Bernhard"]
[Black "Wensing, Herbert"]
[Result "1-0"]
[WhiteElo "1856"]
[BlackElo "1668"]
[PlyCount "65"]
[EventDate "2015.??.??"]
[SourceDate "2015.10.31"]

1. e4 e5 2. Nf3 Nf6 3. Nc3 Bc5 4. Bc4 d6 5. h3 O-O 6. d3 h6 7. Na4 Bb6 8. Nxb6
axb6 9. O-O Nc6 10. Re1 Na5 11. c3 Nxc4 12. dxc4 Be6 13. b3 Nh7 14. g4 h5 15.
Nh2 Ng5 16. Kg2 hxg4 17. hxg4 Qf6 18. Qd2 Nh7 19. f3 Qg6 20. Kf2 Qf6 21. Rh1 b5
22. cxb5 Bxb3 23. Nf1 Bc4 24. Ne3 Bxb5 25. Nd5 Qd8 26. Kg3 f6 27. Qh2 Ng5 28.
Bxg5 fxg5 29. Qh7+ Kf7 30. Qf5+ Kg8 31. Qe6+ Rf7 32. Rh8+ Kxh8 33. Qxf7 1-0

[Event "SF Stadtlohn 1 - SF Beelen 2"]
[Site "Verbandsklasse 2015/2016"]
[Date "2015.12.19"]
[Round "4.6"]
[White "Söbbing, Ulrich"]
[Black "Bleier, Thomas"]
[Result "1/2-1/2"]
[WhiteElo "1545"]
[BlackElo "1651"]
[PlyCount "37"]
[EventDate "2015.??.??"]
[SourceDate "2015.10.31"]

1. d4 Nf6 2. c4 e6 3. Nc3 d5 4. Bg5 Nbd7 5. Nf3 Be7 6. e3 h6 7. Bh4 O-O 8. Bd3
b6 9. cxd5 exd5 10. h3 Bb7 11. O-O Ne4 12. Bxe7 Qxe7 13. Rc1 c5 14. dxc5 Ndxc5
15. Bb1 Rfd8 16. Nd4 Rac8 17. Qg4 Qf6 18. Nxe4 Nxe4 19. Bxe4 1/2-1/2

[Event "SF Stadtlohn 1 - SF Beelen 2"]
[Site "Verbandsklasse 2015/2016"]
[Date "2015.12.19"]
[Round "4.7"]
[White "Hofene, Markus"]
[Black "Bußwolder, Peter"]
[Result "0-1"]
[WhiteElo "1661"]
[BlackElo "1735"]
[PlyCount "60"]
[EventDate "2015.??.??"]
[SourceDate "2015.10.31"]

1. e4 c5 2. b3 d6 3. Bb2 Nc6 4. Nf3 Nf6 5. Nc3 e6 6. Be2 Be7 7. O-O O-O 8. Re1
d5 9. exd5 exd5 10. Bb5 Bd7 11. d4 a6 12. Bxc6 bxc6 13. Ne5 Re8 14. Na4 cxd4
15. Nxd7 Nxd7 16. Bxd4 Bf6 17. Qd2 Re6 18. Rad1 Bxd4 19. Qxd4 Qa5 20. Rxe6 fxe6
21. Qg4 Re8 22. f4 Nf6 23. Qe2 Ne4 24. c4 g6 25. cxd5 exd5 26. Qe1 Qc7 27. Qe3
Nf6 28. Qd4 Qe7 29. Nc5 Ng4 30. h3 Qe1+ 0-1

[Event "SF Stadtlohn 1 - SF Beelen 2"]
[Site "Verbandsklasse 2015/2016"]
[Date "2015.12.19"]
[Round "4.8"]
[White "Schley, Alfred"]
[Black "Rausch, Arndt"]
[Result "1-0"]
[WhiteElo "1648"]
[BlackElo "1602"]
[PlyCount "67"]
[EventDate "2015.??.??"]
[SourceDate "2015.10.31"]

1. e4 c5 2. d4 cxd4 3. c3 dxc3 4. Nxc3 Nc6 5. Nf3 d6 6. Bc4 e6 7. O-O Be7 8.
Qe2 a6 9. Rd1 Qc7 10. Bf4 b5 11. Bb3 Bb7 12. Rac1 Qd7 13. Bxd6 Bxd6 14. e5 Nxe5
15. Nxe5 Qe7 16. Rxd6 Qxd6 17. Rd1 Qb6 18. Rd7 Ne7 19. Ne4 Bxe4 20. Qxe4 Rc8
21. h3 f6 22. Rb7 Qd6 23. Nd3 Qc6 24. Qxc6+ Rxc6 25. Bxe6 Ng6 26. Bd7+ Ke7 27.
Bxc6+ Kd6 28. Be4 Ne7 29. Rb6+ Kc7 30. Rxa6 f5 31. Bf3 Rd8 32. Ne5 Rd2 33. Ra7+
Kd6 34. Rd7+ 1-0